Estudio de prefactibilidad de la remodelación y equipamiento del Laboratorio de Materiales y Suelos de la Universidad Nacional e Ingeniería
Presenta un estudio de prefactibilidad que lleve a cabo la formulación de una alternativa que solucione la problemática de infraestructura y equipamiento del laboratorio, para ello se analizará el cambio en el comportamiento de la oferta y la demanda sin proyecto y una vez realizado el proyecto....
| Main Authors: | , |
|---|---|
| Other Authors: | |
| Format: | Tesis Section = Libro |
| Language: | Undetermined Spanish |
| Published: |
Managua
UNI
2017
|
| Subjects: |
| LEADER | 01333nam a2200289Ia 4500 | ||
|---|---|---|---|
| 008 | 240830s9999 xx 000 0 und d | ||
| 040 | |a BIBLIOTECA-RUSB/ M.Mon 658.404 L747 | ||
| 041 | |a spa | ||
| 082 | |a M.Mon 658.404 L747 | ||
| 100 | 1 | |a Lindo O'conors, Silvia Isabel | |
| 100 | 1 | |b Tijerino Vásquez, Jorge Luis | |
| 245 | 1 | 0 | |a Estudio de prefactibilidad de la remodelación y equipamiento del Laboratorio de Materiales y Suelos de la Universidad Nacional e Ingeniería |
| 260 | |a Managua |b UNI |c 2017 | ||
| 300 | |a 106 p. :il. | ||
| 500 | |a Contiene: anexos. | ||
| 502 | |a Tesis (Máster en Gerencia de Proyectos de Desarrollo) - UNI, 2017. | ||
| 520 | 3 | |a Presenta un estudio de prefactibilidad que lleve a cabo la formulación de una alternativa que solucione la problemática de infraestructura y equipamiento del laboratorio, para ello se analizará el cambio en el comportamiento de la oferta y la demanda sin proyecto y una vez realizado el proyecto. | |
| 650 | 7 | |a construcción DE EDIFICIOS-PROYECTO-UNI | |
| 650 | 7 | |b ESTUDIO DE FACTIBILIDAD | |
| 650 | 7 | |c REMODELACION Y EQUIPAMIENTO DEL LABORATORIO-UNI | |
| 650 | 7 | |d ESTUDIO DE MERCADO | |
| 650 | 7 | |e ESTUDIO FINANCIERO | |
| 650 | 7 | |f ESTUDIO SOCIO-ECONOMICO | |
| 700 | 1 | |a Tutor: |b Varela Fonseca, Wilfredo | |
| 942 | |c BK |2 ddc | ||
| 991 | |a TESIS | ||
| 999 | |c 19448 | ||